00434nam a2200157Ia 4500003000400000005001700004008004100021020001800062040000800080082001700088100001600105245009100121260003300212300001000245653002100255OSt20241126110331.0160527b xxu||||| |||| 00| 0 eng d a9788176328627 cgbc a220.076bRHO aRhodes, Ron aWhat does the Bible say about ? /b easy to understand answers to the tough questions  bAuthentic,aHyderabad:c2008 a395p. aBiblical Studies